01641cam a2200385 a 450000100090000000300040000900500170001300800410003001000170007102000430008802000380013103500200016904000230018904200080021205000210022006000130024108200200025410000260027424501310030026000350043130000250046650400600049150503110055165000390086265000440090165000330094565000160097865000110099465000470100570000220105290600450107494200120111999900150113195201090114616454851OSt20180117085941.0100908s2011 nyu b 001 0 eng  a 2010038394 a9780415885577 (hardcover : alk. paper) a9780415885584 (pbk. : alk. paper) a(DNLM)101539954 aDNLM/DLCcDLCdDLC apcc00aRJ504b.T83 201110aWS 350.200a618.92/89142221 aTuber, Steven,d1954-10aStarting treatment with children and adolescents :ba process-oriented guide for therapists /cSteven Tuber and Jane Caflisch. aNew York :bRoutledge,cc2011. axv, 308 p. ;c23 cm. aIncludes bibliographical references (p. 295) and index.0 aSetting the frame for psychologically minded treatment -- A 13-year-old boy -- A 7-year-old boy -- A 9-year-old girl -- A 14-year-old boy -- A 9-year-old girl -- A 9-year-old girl -- A 5-year-old girl -- A 9-year-old girl -- A 5-year-old boy -- A 7-year-old girl -- An 11-year-old girl -- A 7-year-old boy. 0aChild psychotherapyvCase studies. 0aAdolescent psychotherapyvCase studies.12aPsychotherapyvCase Reports.22aAdolescent.22aChild.22aPsychotherapeutic ProcessesvCase Reports.1 aCaflisch, Jane M. a7bcbccorignewd1eecipf20gy-gencatlg 2ddccBK c2436d2436 00102ddc40708NFICaCLbCLcGENd2015-06-29l0o618.92/8914 TUBpS3H-S-31r2015-06-29w2015-06-29yBK